Luật thủy sản năm 2003 và các nghị định hướng dẫn thi hành

Nội dung cuốn sách giới thiệu toàn văn Luật thủy sản năm 2003 và 9 nghị định của Chính phủ được ban hành từ năm 2005 đến 2010 quy định chi tiết về điều kiện sản xuất, kinh doanh một số ngành nghề thủy sản; về đảm bảo an toàn cho người và t...

Cijeli opis

Spremljeno u:
Bibliografski detalji
Autori kompanije: Việt Nam (cộng hòa Xã hội chủ nghĩa), Quốc hội
Format: Knjiga
Jezik:Undetermined
Izdano: Hà Nội Chính trị quốc gia 2010
Teme:
Oznake: Dodaj oznaku
Bez oznaka, Budi prvi tko označuje ovaj zapis!
Thư viện lưu trữ: Trung tâm Học liệu Trường Đại học Cần Thơ
LEADER 01471nam a2200229Ia 4500
001 CTU_159741
008 210402s9999 xx 000 0 und d
020 |c 35000 
082 |a 343.07693 
082 |b V308 
110 |a Việt Nam (cộng hòa Xã hội chủ nghĩa) 
110 |b Quốc hội 
245 0 |a Luật thủy sản năm 2003 và các nghị định hướng dẫn thi hành 
245 0 |c Việt Nam (cộng hòa Xã hội chủ nghĩa). Quốc hội 
260 |a Hà Nội 
260 |b Chính trị quốc gia 
260 |c 2010 
520 |a Nội dung cuốn sách giới thiệu toàn văn Luật thủy sản năm 2003 và 9 nghị định của Chính phủ được ban hành từ năm 2005 đến 2010 quy định chi tiết về điều kiện sản xuất, kinh doanh một số ngành nghề thủy sản; về đảm bảo an toàn cho người và tàu cá hoạt động thủy sản, về hoạt động thủy sản của tàu cá nước ngoài, và các hoạt động khai thác thủy sản của tổ chức, cá nhân trong nước trên vùng biển Việt Nam, … 
650 |a Fishery law and legislation,Luật thủy sản và văn bản quy phạm pháp luật 
650 |z Vietnam,Việt Nam 
904 |i Trọng Hải 
980 |a Trung tâm Học liệu Trường Đại học Cần Thơ